|
|
|
|
| LEADER |
00000nkm a2200000 4500 |
| 001 |
vtls011889911 |
| 003 |
SK-MaSNL |
| 005 |
20260301102136.0 |
| 007 |
kf co |
| 008 |
240409q1987 xo g 00 k|slo |
| 015 |
|
|
|a SNBG1987
|
| 035 |
|
|
|a urn:nbn:sk:snk-km00dzy2
|
| 035 |
|
|
|a urn:nbn:sk:snk-km3m1d6
|
| 035 |
|
|
|a E9022D96-C7FF-4B99-BB86-B52422BC8D81
|
| 040 |
|
|
|a SNK
|b slo
|c SNK
|e rda
|
| 041 |
0 |
|
|a slo
|
| 044 |
|
|
|a xo
|c SK
|
| 072 |
|
7 |
|a 792
|x Divadlo. Divadelné predstavenia
|2 konspekt
|
| 080 |
|
|
|a 792.97
|2 2011
|
| 080 |
|
|
|a (084.5)
|2 2011
|
| 245 |
0 |
0 |
|a Štátne bábkové divadlo
|h grafika
|b programový plagát : január 1991
|
| 264 |
|
1 |
|a [Slovensko?]
|b [vydavateľ neznámy?]
|c [1991?]
|
| 300 |
|
|
|a 1 plagát
|b farebný
|c 56 x 79 cm
|
| 336 |
|
|
|a statický obraz
|b sti
|2 rdacontent
|
| 336 |
|
|
|a text
|b txt
|2 rdacontent
|
| 337 |
|
|
|a bez média
|b n
|2 rdamedia
|
| 338 |
|
|
|a list
|b nc
|2 rdacarrier
|
| 500 |
|
|
|a Dátum vydania nie je určený.
|
| 520 |
|
|
|a Zobrazenie: na bielom podklade text červenej a čiernej farby, v hornej časti veľký názov divadla v bielo-čiernej farebnosti, pod ním žlté políčko s mesiacom programu, po stranách znázornená stiahnutá divadelná opona modrej farby.
|
| 650 |
0 |
7 |
|a bábkové divadlo
|2 SNKPH
|9 3309
|
| 655 |
|
7 |
|a plagáty
|2 SNKPH
|9 70571
|
| 852 |
|
|
|a Slovenská národná knižnica v Martine
|
| 958 |
|
|
|a CP
|
| 958 |
|
|
|a OND
|
| 958 |
|
|
|a TL
|
| 999 |
|
|
|c 691302
|d 693232
|
| 952 |
|
|
|a SNKLM
|b SNKLM
|y PREZ
|7 0
|p 17A1262568
|o snklm L 2280
|i snklm 273/94
|8 7
|0 0
|1 0
|4 0
|d 2019-09-27
|f 1
|l 0
|r 2026-02-23 20:27:21
|w 2026-02-23
|